Indian National Movement (Record no. 209189)

MARC details
000 -LEADER
fixed length control field 00627nam a22001937a 4500
005 - DATE AND TIME OF LATEST TRANSACTION
control field 20250220142701.0
010 ## - LCCN (DPL NO)
LC control number ENG-143047
020 ## - INTERNATIONAL STANDARD BOOK NUMBER
Terms of availability 350.00
International Standard Book Number 9788194139423
035 ## - SYSTEM CONTROL NUMBER
System control number EN-126579
037 ## - SOURCE OF ACQUISITION
Source of stock number/acquisition DBAD
082 ## - DEWEY DECIMAL CLASSIFICATION NUMBER
Classification number 954.0841
100 ## - MAIN ENTRY--PERSONAL NAME
Personal name Rani. Neelam
245 ## - TITLE STATEMENT
Title Indian National Movement
Statement of responsibility, etc by Neelam Rani
Remainder of title Marxist Stance In Reference To Bipan chandra
Medium English
250 ## - EDITION STATEMENT
Edition statement 01
260 ## - PUBLICATION, DISTRIBUTION, ETC. (IMPRINT)
Place of publication, distribution, etc New Delhi
Name of publisher, distributor, etc Atharv Publications
Date of publication, distribution, etc 2019
270 ## - ADDRESS
City New Delhi
Address 110,1st floor ,gali no.04, harphool vihar , bapraula
Postal code 110043
300 ## - PHYSICAL DESCRIPTION
Extent 109.hb
Dimensions 22cm
942 ## - ADDED ENTRY ELEMENTS (KOHA)
Source of classification or shelving scheme Dewey Decimal Classification
Item type English Books
Classification part 954.0841
Call number suffix Ran
Edition 01
Holdings
Withdrawn status Lost status Not for loan Collection code Home library Current library Date acquired Source of acquisition Cost, normal purchase price Full call number Barcode Copy number Cost, replacement price Koha item type
      Non-fiction Central Library Central Library 18/02/2025 DBAD 350.00 954.0841 RAN EN-126579 1 350.00 English Books

© Delhi Public Library
Hit Counter
free hit counter